Central Library OPAC University of Rajshahi

Environmental Policies and Ethical Issues in Aquatic Biodiversity Conservation in Bangladesh : (Record no. 80304)

MARC details
000 -LEADER
fixed length control field 00952nam a2200241 a 4500
001 - CONTROL NUMBER
RUCL Control Number 80304
003 - CONTROL NUMBER IDENTIFIER
rucl marc code BD-RjUL
005 - DATE AND TIME OF LATEST TRANSACTION
control field 20220905111330.0
008 - FIXED-LENGTH DATA ELEMENTS--GENERAL INFORMATION
fixed length control field 220905s2016 bg ||||| m||| 00| 0 eng d
035 ## - SYSTEM CONTROL NUMBER
system control number (BD-RjUL)80304
040 ## - CATALOGING SOURCE
Original cataloging agency BD-RjUL
Language of cataloging eng
Transcribing agency BD-RjUL
Modifying agency BD-RjUL
041 ## - LANGUAGE CODE
Language code of Book eng
082 ## - DEWEY DECIMAL CLASSIFICATION NUMBER
DDC Edition number 23
Classification number 333.9528
Author mark and Year SHE 2016
100 ## - MAIN ENTRY--PERSONAL NAME
Personal name SHAHIDULLAH, MD.
9 (RLIN) 4643
245 10 - TITLE STATEMENT
Title Environmental Policies and Ethical Issues in Aquatic Biodiversity Conservation in Bangladesh :
Statement of responsibility, etc Md. Shahidullah
Name of Supervisor/Co-Supervisor Supervisor : M. Mostafa Kamal
260 ## - PUBLICATION, DISTRIBUTION, ETC. (IMPRINT)
Place of publication, distribution, etc Rajshahi :
Name of publisher, distributor, etc Institute of Bangladesh Studies, University of Rajshahi
Date of publication, distribution, etc 2016
300 ## - PHYSICAL DESCRIPTION
Pagination [2], xi, 289 leaves :
Dimensions 29 cm.
502 ## - DISSERTATION NOTE
Dissertation note Thesis (Ph. D.) -- Institute of Bangladesh Studies, University of Rajshahi,2016
504 ## - BIBLIOGRAPHY, ETC. NOTE
Bibliography, etc Bibliography : leaves 282-286
650 ## - SUBJECT ADDED ENTRY--TOPICAL TERM
Topical term or geographic name as entry element Aquatic biology
General subdivision Biodiversity
Form subdivision Environmental management
9 (RLIN) 4644
700 ## - ADDED ENTRY--SUPERVISOR/CO-SUPERVISOR NAME
Personal name Kamal, M. Mostafa, Supervisor
9 (RLIN) 1265
942 ## - ADDED ENTRY ELEMENTS (KOHA)
Source of classification or shelving scheme Dewey Decimal Classification
Koha item type Theses
Holdings
Source of classification or shelving scheme Damaged status Not for loan Collection code Permanent Location Current Location Shelving location Date of accession Source of acquisition Total Checkouts Full call number Barcode Date last seen Copy number Thesis
Dewey Decimal Classification   Not For Loan Theses Central Library, University of Rajshahi Central Library, University of Rajshahi Documentation Section 06/04/2017 Controller of Exam. R.U.   THE 333.9528 SHE 2016 D4049 05/09/2022 C-1 Theses